Detalles MARC
| 000 -LIDER |
| fixed length control field |
01088nam a22002897a 4500 |
| 001 - NÚMERO DE CONTROL |
| Identificador de número de control |
000456 |
| 003 - IDENTIFICACDOR DE NÚMERO DE CONTROL |
| control field |
DO-SdBNP |
| 005 - DATE AND TIME OF LATEST TRANSACTION |
| control field |
20240705123401.0 |
| 007 - CAMPOS FIJOS DE DESCRIPCIÓN FÍSICA |
| fixed length control field |
000456 |
| 008 - ELEMENTOS DE LONGITUD FIJA |
| fixed length control field |
160901b2003 mx|| 00| 0 spa d |
| 020 ## - ISBN |
| International Standard Book Number |
9681911865 |
| 040 ## - FUENTE DE CATALOGACIÓN |
| Agencia que crea de manera original el registro |
BPMSU |
| Idioma de catalogación |
spa |
| Agencia que realiza la transcripción |
BPMSU |
| 082 #4 - NÚMERO DE CLASIFICACIÓN DECIMAL DE DEWEY |
| Classification number |
110 |
| Item number |
C591m 2003 |
| Edition number |
22 |
| 092 ## - LOCALLY ASSIGNED DEWEY DECIMAL CALL NUMBER |
| Número de clasificación |
xxxxx |
| Número de ítem (Cutter) |
xxxxx |
| 100 1# - ASIENTO PRINCIPAL -- NOMBRE PERSONAL |
| Nombre personal |
Prophet, Elizabeth Clare |
| Fechas asociadas con el nombre |
1898-1979. |
| 245 14 - MENCIÓN DE TITULO |
| Título |
Los maestros ascendidos : |
| Subtítulo |
las enseñanzas a través de la voz profética de su mensajera / |
| Mención de responsabilidad |
Elizabeth Clare Prophet ; traduccion Tziviah Aguilar y Alma Alexandra García. |
| Campo enlazado y núm. de secuencia |
|
| 246 14 - VARIACION DEL TÍTULO |
| Título propiamente dicho o título corto |
Los maestros ascendidos |
| Subtítulo |
conozca las enseñanzas de estos grandes iluminados a travéz de la voz de mensajera |
| 260 ## - PUBLICACIÓN, DISTRIBUCIÓN, ETC. (PIE DE IMPRENTA) |
| Lugar de publicación, distribución, etc |
Mexico : |
| Nombre del editor, distribuidor, etc. |
Alamah Espiritualidad, |
| Fecha de publicación, distribución, etc |
2003 |
| 300 ## - DESCRIPCIÓN FÍSICA |
| Extensión |
483 p. ; |
| Otros detalles físicos |
19 cm. |
| 500 ## - NOTA GENERAL |
| Nota general |
Incluye datos del autor |
| 590 ## - NOTA LOCAL |
| Texto de la nota local |
Inventariado, 2024/VM |
| 650 #4 - ENCABEZAMIENTO DE MATERIA--TEMÁTICO |
| Término temático o nombre geográfico como elemento de entrada |
Valores (Filosofía) Espiritualidad Metafísica |
| 700 1# - ASIENTO SECUNDARIO -- NOMBRE PERSONAL |
| Nombre personal |
Aguilar, Tziviah, |
| Mención de responsabilidad |
traductor |
| 700 12 - ASIENTO SECUNDARIO -- NOMBRE PERSONAL |
| Nombre personal |
García, Alma Alexandra, |
| Mención de responsabilidad |
tr. |
| 910 ## - VALIDACIÓN |
| Validación |
VMateo V. Control de calidad. BPMSU |
| 942 ## - ADDED ENTRY ELEMENTS (KOHA) |
| Source of classification or shelving scheme |
Dewey Decimal Classification |
| Koha item type |
Libros |